=LDR 00000nam 2200000 4500 =001 INLIS000000000012437 =005 20130612103948 =008 ***********************************Ind** =035 ##$$0010-061300000012437 =041 ##$$a Ind =082 ##$$a 362.759 824 9 =090 ##$$a 362.759 824 9, Min p =100 ##$$a Sri Mintosih =245 ##$$a Pengetahuan sikap kepercayaan dan prilaku budaya tradisional pada generasi muda dikota surabaya, Sri Mnitosih, Ita Novita =260 ##$$a 1997 $b Jakarta =300 ##$$a xiii,101 hlm., Ilus21 cm =650 ##$$a Generasi muda surabaya =850 ##$$a NBPNMAT